|
|
|
|
| LEADER |
00000cas a2200000 a 4500 |
| 001 |
vtls001414354 |
| 003 |
SK-MaSNL |
| 005 |
20260228160144.0 |
| 008 |
010602d19011902xr zx|n 0 0b0cze |
| 035 |
|
|
|a SNK000369078
|
| 040 |
|
|
|a SNK
|b slo
|c SNK
|e AACR2
|
| 041 |
0 |
|
|a cze
|
| 044 |
|
|
|a xr
|c CZ
|
| 072 |
|
7 |
|a 32
|x Politika
|2 konspekt
|
| 080 |
|
|
|a 32
|2 2011
|
| 080 |
|
|
|a 050
|2 2001
|
| 080 |
|
|
|a 070.48
|2 2011
|
| 245 |
0 |
0 |
|a Slovenské národní listy
|b politický čtrnáctidenník věnovaný československé vzájemnosti : stále ku předu - spojenými silami
|
| 260 |
|
|
|a Olomouc
|b Karel Kučera
|c 1901-1902
|f Knihtiskárny Kramáře a Procházky v Olomouci
|
| 300 |
|
|
|a 2 zv.
|c 40 cm
|
| 310 |
|
|
|a 2x mesačne
|
| 362 |
0 |
|
|a Roč. 1, č. 1 (1901)-roč. 2, č. 19 (1902)
|
| 650 |
0 |
7 |
|a politika
|2 SNKPH
|9 968
|
| 650 |
0 |
7 |
|a česko-slovenská vzájomnosť
|2 SNKPH
|9 56990
|
| 655 |
|
7 |
|a noviny
|2 SNKPH
|9 72987
|
| 910 |
|
|
|a snk
|
| 916 |
|
|
|a 1901, 1902
|
| 999 |
|
|
|c 1741
|d 3671
|
| 952 |
|
|
|0 0
|1 0
|4 0
|7 0
|a SNK
|b SNK
|d 2022-08-25
|f 1
|i snk 3302/29
|l 0
|o snkČSA 72/2/1902
|p 17A1463769
|r 2026-02-21 20:03:08
|t č. 1-19, neúplné
|w 2026-02-21
|y PREZ
|z Roč. 2/1902 a roč. 1/1901 sú zviazané spolu a majú rovnaké prírastkové číslo ; ; Chýba č. 12
|
| 952 |
|
|
|0 0
|1 0
|4 0
|7 0
|a SNK
|b SNK
|d 2001-06-02
|f 1
|i snk 3302/29
|l 0
|o snkČSA 72/1/1901
|p 17A0152541
|r 2005-01-02 00:00:00
|t č. 1-6, neúplné
|w 2026-02-21
|y PREZ
|z Chýba č. 5 ; ; Roč. 1/1901 a roč. 2/1902 sú zviazané spolu a majú rovnaké prírastkové číslo
|